00474nam a2200193 a 4500001001300000003000900013005001700022008004100039020002300080082001700103100002000120245001900140260003200159300000800191500003500199505001000234650001600244700002000260nice12345678IN_TiNIC20260116015104.0050524s2000 laha grp 000 0 urd  a9694165 c10000a922.97bIQB6 aIqbal, Mohammad aMutala-I-Bedil aLahorebIqbal Academyc2000 a61p aincludes index and biblioraphy2 aIndex aKarma-Marga1 aIqbal, Mohammad